Financial crises : (Record no. 11010)
[ view plain ]
| 000 -LEADER | |
|---|---|
| fixed length control field | 01496cam a2200313 a 4500 |
| 001 - CONTROL NUMBER | |
| control field | 2315382 |
| 005 - DATE AND TIME OF LATEST TRANSACTION | |
| control field | 20080331083915.0 |
| 008 - FIXED-LENGTH DATA ELEMENTS--GENERAL INFORMATION | |
| fixed length control field | 811005s1982 enk b 101 0 eng |
| 010 ## - LIBRARY OF CONGRESS CONTROL NUMBER | |
| LC control number | 81017111 |
| 020 ## - INTERNATIONAL STANDARD BOOK NUMBER | |
| International Standard Book Number | 0521243807 |
| 040 ## - CATALOGING SOURCE | |
| Original cataloging agency | DLC |
| Transcribing agency | DLC |
| Modifying agency | DLC |
| 050 00 - LIBRARY OF CONGRESS CALL NUMBER | |
| Classification number | HB3722 |
| Item number | .F55 1982 |
| 082 00 - DEWEY DECIMAL CLASSIFICATION NUMBER | |
| Classification number | 332.41 |
| Edition number | 19 |
| Item number | FIN |
| 245 00 - TITLE STATEMENT | |
| Title | Financial crises : |
| Remainder of title | theory, history, and policy / |
| Statement of responsibility, etc | edited by Charles P. Kindleberger and Jean-Pierre Laffargue. |
| 260 ## - PUBLICATION, DISTRIBUTION, ETC. (IMPRINT) | |
| Place of publication, distribution, etc | Cambridge [Cambridgeshire] ; |
| -- | New York : |
| Name of publisher, distributor, etc | Cambridge University Press ; |
| Place of publication, distribution, etc | Paris : |
| Name of publisher, distributor, etc | Editions de la Maison des Sciences de l'Homme, |
| Date of publication, distribution, etc | 1982. |
| 300 ## - PHYSICAL DESCRIPTION | |
| Extent | ix, 301 p. : |
| Other physical details | graphs ; |
| Dimensions | 24 cm. |
| 500 ## - GENERAL NOTE | |
| General note | Based on the colloquium "Financial crises and the lender of last resort," held at Bad Homburg, May 21-23, 1979. |
| 504 ## - BIBLIOGRAPHY, ETC. NOTE | |
| Bibliography, etc | Includes bibliographies and index. |
| 650 #0 - SUBJECT ADDED ENTRY--TOPICAL TERM | |
| Topical term or geographic name as entry element | Depressions |
| General subdivision | Congresses. |
| 650 #0 - SUBJECT ADDED ENTRY--TOPICAL TERM | |
| Topical term or geographic name as entry element | Business cycles |
| General subdivision | Congresses. |
| 650 #0 - SUBJECT ADDED ENTRY--TOPICAL TERM | |
| Topical term or geographic name as entry element | Lenders of last resort. |
| 650 #0 - SUBJECT ADDED ENTRY--TOPICAL TERM | |
| Topical term or geographic name as entry element | Financial crises |
| General subdivision | Congresses. |
| 700 1# - ADDED ENTRY--PERSONAL NAME | |
| Personal name | Kindleberger, Charles Poor, |
| Dates associated with a name | 1910- |
| 700 1# - ADDED ENTRY--PERSONAL NAME | |
| Personal name | Laffargue, Jean Pierre. |
| 856 42 - ELECTRONIC LOCATION AND ACCESS | |
| Materials specified | Publisher description |
| Uniform Resource Identifier | <a href="http://www.loc.gov/catdir/enhancements/fy0827/81017111-d.html">http://www.loc.gov/catdir/enhancements/fy0827/81017111-d.html</a> |
| 856 41 - ELECTRONIC LOCATION AND ACCESS | |
| Materials specified | Table of contents only |
| Uniform Resource Identifier | <a href="http://www.loc.gov/catdir/enhancements/fy0827/81017111-t.html">http://www.loc.gov/catdir/enhancements/fy0827/81017111-t.html</a> |
| 942 ## - ADDED ENTRY ELEMENTS (KOHA) | |
| Source of classification or shelving scheme | Dewey Decimal Classification |
| Item type | Book - Borrowing |
| Withdrawn status | Item status | Source of classification or shelving scheme | Damaged status | Not for loan | Vendor | Home library | Current library | Shelving location | Date acquired | Source of acquisition | Cost, normal purchase price | Serial Enumeration / chronology | Total Checkouts | Total Renewals | Full call number | Barcode | Checked out | Date last seen | Date last borrowed | Koha item type |
|---|---|---|---|---|---|---|---|---|---|---|---|---|---|---|---|---|---|---|---|---|
| Dewey Decimal Classification | Baccah | Central Library | Central Library | First floor | 04/03/2009 | 312.00 | 6993 | 4 | 14 | 332.41 FIN | 000015267 | 22/10/2024 | 11/01/2022 | 11/01/2022 | Book - Borrowing |